000 00696nam a2200217 a 4500
001 46034
003 BD-RJUL
005 20211209054111.0
008 160730s1922 enkaf b 001 0 eng d
035 _a(BD-RjUL)46152
040 _aVYF
_cVYF
_beng
041 _aeng
082 _223
_a330.942
_bCUI 1922
100 1 _aCunningham, W.
_9133828
245 1 4 _aThe industrial revolution :
_bbeing the parts entitled parliament colbertism and laissez faire /
_c W. Cunningham
260 _aLondon :
_bBatsford Academic,
_c1922
300 _a885 p . :
_bill. ;
_c23 cm.
504 _aIncludes bibliographies and index.
650 0 _aIndustries
_zGreat Britain
_xHistory.
_9140731
942 _2ddc
_cBK
999 _c46034
_d46034